| 000 | 01006nam a2200289 a 4500 | ||
|---|---|---|---|
| 003 | OSt | ||
| 005 | 20250616101331.0 | ||
| 008 | |||
| 020 | _a9781455703180 (hardback) | ||
| 040 |
_aNUST _cNUST _beng _dNUST _erda |
||
| 100 |
_aStephen H. Sheldon _eauthor |
||
| 245 | 1 | 0 |
_aPrinciples & practice of pediatric sleep medicine/ _c Stephen H Sheldon |
| 250 | _aSecond edition. | ||
| 260 |
_aLondon : _bElsevier/Saunders, _c©2014. |
||
| 300 |
_axv, 425 pages : _billustrations (some colour) ; _c29 cm. |
||
| 336 |
_atext _btxt _2rdacontent |
||
| 337 |
_aunmediated _bn _2rdamedia |
||
| 338 |
_avolume _bnc _2rdacarrier |
||
| 504 | _aIncludes bibliographical references. | ||
| 650 | 1 | _aSleep disorders in children. | |
| 650 |
_aChildren _xSleep. |
||
| 650 | _aChildren. | ||
| 700 |
_aFerber, Richard., _aauthor. |
||
| 700 |
_aKryger, Meir H., _aauthor. |
||
| 700 |
_aGozal, David., _aauthor. |
||
| 942 |
_cBOOKS _kRJ _mPRI _2lcc _eSecond edition _hRJ506 PRI _n0 |
||
| 999 |
_c121217 _d121217 |
||